Prezydenci Francji - Statystyki

Ogólne statystyki
  • Ten quiz został rozwiązany 106 razy
  • Średni wynik to 6 z 25
Statystyki odpowiedzi
Hint Odpowiedź % Poprawnych
od 2017 Emmanuel Macron
99%
1959-1969 Charles de Gaulle
80%
2007-2012 Nicolas Sarkozy
77%
1995-2007 Jacques Chirac
63%
2012-2017 François Hollande
59%
1981-1995 François Mitterrand
52%
1969-1974 Georges Pompidou
44%
1848-1858 Napoleon III Bonaparte
36%
1974-1981 Valéry Giscard d’Estaing
24%
1913-1920 Raymond Poincaré
11%
1954-1959 René Coty
9%
1920-1924 Alexandre Millerand
8%
1932-1940 Albert Lebrun
7%
1873-1879 Patrice de Mac Mahon
7%
1887-1894 Sadi Carnot
5%
1947-1954 Vincent Auriol
5%
1871-1873 Adolphe Thiers
4%
1931-1932 Paul Doumer
4%
1906-1913 Armand Fallières
3%
1895-1899 Félix Faure
3%
1924-1931 Gaston Doumergue
3%
1920 Paul Deschanel
3%
1899-1906 Émile Loubet
1%
1894-1895 Jean Casimir-Périer
0%
1879-1887 Jules Grévy
0%
Nie znaleziono quizów pasujących do podanych kryteriów
Rozkład punktacji
Procent ludzi z każdym wynikiem
Percentyl według liczby udzielonych odpowiedzi
Twoja historia wyników
Nie rozwiązałeś tego quizu